000 00726nam a2200241 a 4500
001 18889
003 BD-RjUL
005 20211209000342.0
008 140223r19631910enk 001 0 eng d
035 _a(BD-RjUL)18947
040 _aBD-RjUL
_beng
_cBD-RjUL
_dBD-RjUL
041 _aeng
082 _223
_a821.08
_bOXF 1963
245 0 4 _aThe Oxford book of ballads /
_cchosen and edited by James Kinsley.
260 _aOxford :
_bOxford University Press,
_c1910 [Reprinted 1951,1963].
300 _axxiii, 871 p. ;
_c20 cm.
500 _aFirst issued as an OUP paperback 1982.
504 _aIncludes index.
650 0 _aBallads, English.
_958258
700 1 _aKinsley, James.
_9237549
942 _2ddc
_cBK
999 _c18889
_d18889